• 首页
  • 本馆介绍
  • 公告通知
  • 最新文献
  • 馆藏检索
  • 电子资源
  • 读者导购
  • 参考咨询
  • 我的图书馆
  • 登录
  • 详细信息显示
  • 放入我的书架
  • 预约/预借图书
  • 作者相关作品
  • 分类相关作品
  • 丛书相关作品
  • 出版社相关作品

书目信息

  • 表格格式
  • 工作单格式
  • 卡片格式
题名:
刘国钧图书馆学论文选集
    
 
作者: 刘国钧
分册:  
出版信息:   书目文献出版社  1983.06
页数: 432页
开本: 32开
丛书名:
单 册:
中图分类: G250-53
科图分类:
主题词: 图书馆学 , 图书馆事业
电子资源:
ISBN:
000 00574nam0 2200205 45
001 9911301546
005 19991130154159.1
010    @d1.85
091    @a7201.34
100    @a19991130d1983 km y0chiy0120 ea
101    @achi
105    @a z 000yy
200 1  @a刘国钧图书馆学论文选集@ALiu Guo Jun Tu Shu Guan Xue Lun Wen Xuan Ji@f刘国钧@FLiu Guo Jun
210    @c书目文献出版社@d1983.06
215    @a432页@c无图表@d32开
606 0  @a图书馆学
606 0  @a图书馆事业
690    @aG250-53@v3
801    @aCN@bPerfectUser@c19991130
905    @aBZT@b22848-849@f2@dG250-53@e1
    
    刘国钧图书馆学论文选集/刘国钧.-书目文献出版社,1983.06
    432页:无图表;32开
    
    
    ISBN :1.85
    
●
相关链接 在五车中查询图书 在当当中查询图书 在豆瓣中查询图书


正题名:刘国钧图书馆学论文选集     索取号:G250-53/1         预约/预借

序号 登录号 条形码 馆藏地/架位号 状态 备注
1 22848   200424807   中心书库北库/ 北库032架B面3列3层11/ [索取号:G250-53/1] 在馆    
2 22849   200406391   中心书库北库/ 北库032架B面3列3层12/ [索取号:G250-53/1] 在馆    
山东省滨州职业学院图书馆 欢迎您!
大连网信软件有限公司© 版权所有